El evangelio del poder-servicio : (Registro nro. 25857)
[ vista simple ]
| 000 -LEADER | |
|---|---|
| fixed length control field | 01290cam a2200349 i 4500 |
| 001 - CONTROL NUMBER | |
| control field | 25857 |
| 003 - CONTROL NUMBER IDENTIFIER | |
| control field | Mx-PuUPA |
| 005 - DATE AND TIME OF LATEST TRANSACTION | |
| control field | 20260304110556.0 |
| 008 - FIXED-LENGTH DATA ELEMENTS--GENERAL INFORMATION | |
| fixed length control field | 140415s1987 sp gr 001 0 spa d |
| 017 ## - COPYRIGHT OR LEGAL DEPOSIT NUMBER | |
| Copyright or legal deposit number | SA. 174-1987 |
| 020 ## - INTERNATIONAL STANDARD BOOK NUMBER | |
| International Standard Book Number | 8429307680 |
| 040 ## - CATALOGING SOURCE | |
| Transcribing agency | Mx-PuUPA |
| Original cataloging agency | Mx-PuUPA |
| Language of cataloging | spa |
| Modifying agency | Mx-PuUPA |
| Description conventions | rda |
| 041 1# - LANGUAGE CODE | |
| Language code of text/sound track or separate title | spa |
| Language code of original | por |
| 100 1# - MAIN ENTRY--PERSONAL NAME | |
| Personal name | Boff, Clodovis, |
| 9 (RLIN) | 17872 |
| Relator term | autor |
| 240 12 - UNIFORM TITLE | |
| Uniform title | O evangelho do poder-serviço |
| 245 10 - TITLE STATEMENT | |
| Title | El evangelio del poder-servicio : |
| Remainder of title | la autoridad en la vida religiosa / |
| Statement of responsibility, etc. | Clodovis Boff ; traducción Clar-Bogotá |
| 264 #1 - PRODUCTION, PUBLICATION, DISTRIBUTION, MANUFACTURE, AND COPYRIGHT NOTICE | |
| Place of production, publication, distribution, manufacture | Santander, España : |
| Name of producer, publisher, distributor, manufacturer | Editorial Sal Terrae, |
| Date of production, publication, distribution, manufacture, or copyright notice | ©1987 |
| 300 ## - PHYSICAL DESCRIPTION | |
| Extent | 98 páginas ; |
| Dimensions | 20 cm |
| 336 ## - CONTENT TYPE | |
| Fuente | rdacontent |
| Content type term | texto |
| Content type code | txt |
| 337 ## - MEDIA TYPE | |
| Source | rdamedia |
| Media type term | sin medio |
| Media type code | n |
| 338 ## - CARRIER TYPE | |
| Source | rdacarrier |
| Carrier type term | volumen |
| Carrier type code | nc |
| 490 0# - SERIES STATEMENT | |
| Series statement | ST breve ; |
| Volume/sequential designation | 18 |
| 650 #7 - SUBJECT ADDED ENTRY--TOPICAL TERM | |
| Source of heading or term | armarc |
| Topical term or geographic name entry element | Autoridad |
| General subdivision | Aspectos religiosos |
| 650 #7 - SUBJECT ADDED ENTRY--TOPICAL TERM | |
| Source of heading or term | armarc |
| Topical term or geographic name entry element | Espiritualidad |
| 650 #7 - SUBJECT ADDED ENTRY--TOPICAL TERM | |
| Source of heading or term | armarc |
| Topical term or geographic name entry element | Poder (Teología cristiana) |
| 650 #7 - SUBJECT ADDED ENTRY--TOPICAL TERM | |
| Source of heading or term | armarc |
| Topical term or geographic name entry element | Vida monástica y religiosa |
| 710 1# - ADDED ENTRY--CORPORATE NAME | |
| Corporate name or jurisdiction name as entry element | Clar-Bogotá, |
| Relator term | traductor |
| 765 1# - ORIGINAL LANGUAGE ENTRY | |
| Main entry heading | Boff Clodovis |
| Title | O evangelho do poder-serviço |
| Place, publisher, and date of publication | Río de Janeiro : Conferência dos Religiosos do Brasil (CRB), 1985 |
| 942 ## - ADDED ENTRY ELEMENTS (KOHA) | |
| Source of classification or shelving scheme | Dewey Decimal Classification |
| Koha item type | Libro |
| Classification part | 262.8 |
| Item part | B6718 |
| Withdrawn status | Lost status | Source of classification or shelving scheme | Damaged status | Not for loan | Collection code | Home library | Current library | Shelving location | Date acquired | Source of acquisition | Total Checkouts | Full call number | Barcode | Date last seen | Price effective from | Koha item type |
|---|---|---|---|---|---|---|---|---|---|---|---|---|---|---|---|---|
| Dewey Decimal Classification | General | Centro de Estudios Guadalupanos | Centro de Estudios Guadalupanos | Sala general | 03/12/2013 | Compra | 262.8 B6718 1987 | 48142 | 10/03/2026 | 03/12/2013 | Libro |